000 00573nam a2200169 i 4500
001 24632
003 ES-MaACL
005 20230906153102.0
007 t|
008 021218s1979 sp ||||1| spa d
100 1 _aAntón Sole, Pablo.
_921955
245 1 0 _aCatálogo de la sección "Gibraltar" del Archivo Histórico Diocesano de Cádiz 1518-1806 /
_cPablo Antón Sole.
260 _aCádiz :
_bInstituto de Estudios Gaditanos,
_c1979.
300 _a582 p., 6 lám. ;
_c24 cm.
710 2 _aInstituto de Estudios Gaditanos.
_94902
852 _aES-MaACL
_jL-2979
_bR.103897
999 _c24632
_d24632